Truyền nhiệt và tính toán thiết bị trao đổi nhiệt

Uloženo v:
Podrobná bibliografie
Hlavní autor: Hoàng Đình Tín
Médium: Kniha
Jazyk:Undetermined
Vydáno: Tp. HCM Trường Đại Học Bách Khoa Tp. HCM 1996
Témata:
Tagy: Přidat tag
Žádné tagy, Buďte první, kdo otaguje tento záznam!
Thư viện lưu trữ: Trung tâm Học liệu Trường Đại học Cần Thơ
LEADER 00614nam a2200193Ia 4500
001 CTU_37171
008 210402s9999 xx 000 0 und d
020 |b 33.500đ 
082 |a 621.402 
082 |b T311 
100 |a Hoàng Đình Tín 
245 0 |a Truyền nhiệt và tính toán thiết bị trao đổi nhiệt 
245 0 |c Hoàng Đình Tín 
260 |a Tp. HCM 
260 |b Trường Đại Học Bách Khoa Tp. HCM 
260 |c 1996 
650 |a heat - transmission,heat engineering 
904 |i Minh, 000626 
980 |a Trung tâm Học liệu Trường Đại học Cần Thơ